Click the Countries of Africa on the Map - Statistics

General Stats
  • This quiz has been taken 1,201 times
  • The average score is 38 of 54
Answers on the Map
Answers color-coded by a green-red scale on the quiz's map according to % correct below.
 
Answer Stats
Answer % Correct
Egypt
83%
Madagascar
83%
South Africa
83%
Morocco
81%
Libya
80%
South Sudan
80%
Sudan
80%
Algeria
79%
D. R. Congo
79%
Ethiopia
79%
Somalia
79%
Lesotho
77%
Niger
77%
Nigeria
77%
Chad
76%
Eritrea
76%
Central African Republic
75%
Tunisia
75%
Mozambique
74%
Togo
74%
Cape Verde
73%
Eswatini
73%
Djibouti
72%
Equatorial Guinea
72%
Mali
72%
São Tomé and
Príncipe
72%
Botswana
71%
Benin
70%
Cameroon
70%
Kenya
70%
Namibia
70%
Rwanda
70%
Seychelles
70%
Mauritania
69%
Burundi
68%
Ghana
68%
Senegal
68%
Tanzania
68%
Zimbabwe
68%
Angola
67%
Comoros
67%
Ivory Coast
66%
Burkina Faso
65%
Guinea-Bissau
65%
Zambia
64%
Mauritius
63%
Rep. of the Congo
63%
Gambia
62%
Sierra Leone
62%
Uganda
62%
Guinea
61%
Malawi
61%
Gabon
60%
Liberia
56%
No matching quizzes found
Score Distribution
Percent of People with Each Score
Percentile by Number Answered
Your Score History
You have not taken this quiz